Former Flags of U.S. States - Statistics

General Stats
  • This quiz has been taken 15 times
  • The average score is 5 of 12
Answer Stats
Picture Hint Answer % Correct
1894-1996 Mississippi
91%
1882-1897 Rhode Island
82%
1879–1902 Georgia
45%
1901-1909 Maine
45%
1861-1865 North Carolina
45%
1836-1839 Texas
45%
1837-1923 Vermont
45%
1868-1900 Florida
36%
1893–1957 Minnesota
36%
1861–1865 Louisiana
27%
1915-1929 Nevada
27%
1861-1913 Missouri
18%
No matching quizzes found
Score Distribution
Percent of People with Each Score
Percentile by Number Answered
Your Score History
You have not taken this quiz